[Event "MPJ C16"]
[Site "?"]
[Date "2016.03.18"]
[Round "7.14"]
[White "Lukasiewicz, Krzysztof"]
[Black "Tamon, Radoslaw"]
[Result "1/2-1/2"]
[LiveChessVersion "1.4.8"]
[BlackElo "1925"]
[WhiteElo "2114"]

1. e4 {[%clk 1:30:59]} e5 {[%clk 1:30:55]} 2. Nf3 {[%clk 1:31:25]} Nc6
{[%clk 1:31:22]} 3. Bc4 {[%clk 1:31:52]} Nf6 {[%clk 1:31:47]} 4. d3
{[%clk 1:32:18]} Be7 {[%clk 1:32:03]} 5. O-O {[%clk 1:32:43]} d6 {[%clk 1:32:24]}
6. a4 {[%clk 1:32:56]} Na5 {[%clk 1:32:35]} 7. Ba2 {[%clk 1:33:04]} c5
{[%clk 1:33:01]} 8. c3 {[%clk 1:32:04]} Nc6 {[%clk 1:33:21]} 9. Re1
{[%clk 1:32:11]} O-O {[%clk 1:33:13]} 10. Nbd2 {[%clk 1:28:26]} Be6
{[%clk 1:26:25]} 11. Nc4 {[%clk 1:21:38]} Qd7 {[%clk 1:22:54]} 12. h3
{[%clk 1:18:26]} h6 {[%clk 1:21:04]} 13. Be3 {[%clk 1:15:26]} Kh8
{[%clk 1:11:23]} 14. d4 {[%clk 1:10:46]} cxd4 {[%clk 1:00:55]} 15. cxd4
{[%clk 1:11:11]} exd4 {[%clk 1:01:11]} 16. Nxd4 {[%clk 1:10:31]} Rad8
{[%clk 0:54:03]} 17. Nxe6 {[%clk 1:07:21]} fxe6 {[%clk 0:54:24]} 18. Nd2
{[%clk 1:04:42]} d5 {[%clk 0:44:25]} 19. exd5 {[%clk 1:03:34]} exd5
{[%clk 0:43:47]} 20. Nf3 {[%clk 1:03:33]} Bb4 {[%clk 0:43:43]} 21. Bd2
{[%clk 1:02:44]} Ne4 {[%clk 0:38:45]} 22. Bxb4 {[%clk 1:01:49]} Nxb4
{[%clk 0:39:13]} 23. Bb1 {[%clk 1:00:54]} Qc6 {[%clk 0:37:25]} 24. Qd4
{[%clk 0:56:28]} a5 {[%clk 0:34:47]} 25. Bxe4 {[%clk 0:49:59]} dxe4
{[%clk 0:34:32]} 26. Qxe4 {[%clk 0:50:13]} Nc2 {[%clk 0:34:26]} 27. Rac1
{[%clk 0:44:55]} Nxe1 {[%clk 0:31:50]} 28. Rxc6 {[%clk 0:45:12]} Nxf3+
{[%clk 0:32:15]} 29. gxf3 {[%clk 0:45:22]} bxc6 {[%clk 0:32:42]} 30. Qxc6
{[%clk 0:45:36]} Rf5 {[%clk 0:27:23]} 31. Kg2 {[%clk 0:43:49]} Rg5+
{[%clk 0:26:01]} 32. Kh2 {[%clk 0:44:12]} Rd2 {[%clk 0:24:20]} 33. Qb6
{[%clk 0:42:04]} Kh7 {[%clk 0:22:00]} 34. b3 {[%clk 0:40:25]} Rg6
{[%clk 0:21:04]} 35. Qe3 {[%clk 0:40:02]} Rb2 {[%clk 0:14:17]} 36. f4
{[%clk 0:38:01]} Kg8 {[%clk 0:11:16]} 37. Qe8+ {[%clk 0:38:10]} Kh7
{[%clk 0:11:33]} 38. Qe3 {[%clk 0:38:27]} Kg8 {[%clk 0:11:53]} 39. Qe8+
{[%clk 0:38:43]} Kh7 {[%clk 0:12:16]} 40. Qe3 {[%clk 1:08:58]} Kg8
{[%clk 0:42:22]} 41. Qe8+ 1/2-1/2

[Event "MPJ C16"]
[Site "?"]
[Date "2016.03.18"]
[Round "7.15"]
[White "Sernecki, Franciszek"]
[Black "Poplawski, Maciej"]
[Result "1-0"]
[LiveChessVersion "1.4.8"]
[BlackElo "1856"]
[WhiteElo "1884"]

1. e4 d6 2. d4 Nf6 3. Nc3 c6 4. f4 Qa5 5. Bd3 e5 6. Nf3 Bg4 7. dxe5 dxe5 8. O-O
Nbd7 9. h3 Bxf3 10. Qxf3 O-O-O 11. Kh1 h5 12. Bc4 Bb4 13. Bxf7 Rhf8 14. Be6 exf4
15. Bxf4 Rde8 16. Bf5 Bxc3 17. bxc3 g5 18. Bd6 g4 19. Qd3 gxh3 20. Qxh3 Rg8 21.
e5 Rxe5 22. Bxe5 Qxe5 23. Rad1 Rg7 24. Bxd7+ Nxd7 25. Rf5 Qe2 26. Qf3 Qxc2 27.
Rxh5 Qxa2 28. Rh8+ Rg8 29. Qh3 Rxh8 30. Qxh8+ Kc7 31. Qe8 1-0

[Event "MPJ C16"]
[Site "?"]
[Date "2016.03.18"]
[Round "7.16"]
[White "Filewicz, Radoslaw"]
[Black "Laszczak, Przemyslaw"]
[Result "0-1"]
[LiveChessVersion "1.4.8"]
[BlackElo "1870"]
[WhiteElo "1739"]

1. d4 {[%clk 1:30:58]} d5 {[%clk 1:30:51]} 2. c4 {[%clk 1:30:49]} c6
{[%clk 1:31:03]} 3. Nf3 {[%clk 1:30:18]} Nf6 {[%clk 1:31:25]} 4. Nc3
{[%clk 1:30:07]} e6 {[%clk 1:31:45]} 5. Bf4 {[%clk 1:27:54]} dxc4
{[%clk 1:24:34]} 6. a4 {[%clk 1:22:21]} Bb4 {[%clk 1:23:32]} 7. Qc2
{[%clk 1:21:17]} Qa5 {[%clk 1:22:15]} 8. Rc1 {[%clk 1:19:33]} Nd5
{[%clk 1:19:41]} 9. Bd2 {[%clk 1:15:46]} b5 {[%clk 1:16:38]} 10. e4
{[%clk 1:15:25]} Nxc3 {[%clk 1:16:07]} 11. bxc3 {[%clk 1:15:26]} Bd6
{[%clk 1:15:13]} 12. g3 {[%clk 1:13:32]} Nd7 {[%clk 1:11:19]} 13. Bg2
{[%clk 1:07:55]} e5 {[%clk 1:09:42]} 14. O-O {[%clk 1:08:10]} Qc7
{[%clk 1:04:56]} 15. Nh4 {[%clk 1:05:42]} Nb6 {[%clk 1:04:22]} 16. axb5
{[%clk 1:03:26]} cxb5 {[%clk 1:04:47]} 17. Nf5 {[%clk 1:03:43]} f6
{[%clk 0:58:58]} 18. f4 {[%clk 0:52:51]} O-O {[%clk 0:55:05]} 19. fxe5
{[%clk 0:49:39]} fxe5 {[%clk 0:54:51]} 20. Rce1 {[%clk 0:49:09]} Bd7
{[%clk 0:40:25]} 21. Kh1 {[%clk 0:38:11]} Rae8 {[%clk 0:33:51]} 22. d5
{[%clk 0:37:03]} Na4 {[%clk 0:24:15]} 23. Rf3 {[%clk 0:32:28]} Nc5
{[%clk 0:21:38]} 24. Ref1 {[%clk 0:31:40]} a5 {[%clk 0:19:51]} 25. Be3
{[%clk 0:31:00]} Nd3 {[%clk 0:18:42]} 26. Bg5 {[%clk 0:26:15]} Bxf5
{[%clk 0:11:57]} 27. Rxf5 {[%clk 0:18:04]} b4 {[%clk 0:11:35]} 28. Bh3
{[%clk 0:10:20]} b3 {[%clk 0:10:28]} 29. Qe2 {[%clk 0:10:01]} b2 {[%clk 0:08:21]}
30. Qh5 {[%clk 0:08:44]} g6 {[%clk 0:07:09]} 31. Rxf8+ {[%clk 0:09:03]} Rxf8
{[%clk 0:07:12]} 32. Be6+ {[%clk 0:06:19]} Kh8 {[%clk 0:07:36]} 33. Qe2
{[%clk 0:05:28]} Qb8 {[%clk 0:03:31]} 34. Bf7 {[%clk 0:04:07]} Rxf7
{[%clk 0:03:35]} 35. Rxf7 {[%clk 0:04:33]} b1=Q+ {[%clk 0:03:54]} 36. Kg2
{[%clk 0:04:55]} Q1b2 {[%clk 0:02:45]} 0-1

[Event "MPJ C16"]
[Site "?"]
[Date "2016.03.18"]
[Round "7.17"]
[White "Trendowski, Michal"]
[Black "Jakubowski, Wojciech"]
[Result "1/2-1/2"]
[LiveChessVersion "1.4.8"]
[BlackElo "1612"]
[WhiteElo "1807"]

1. e4 e5 2. Nf3 Nc6 3. d4 exd4 4. c3 Nf6 5. e5 Nd5 6. cxd4 Bb4+ 7. Bd2 Bxd2+ 8.
Nbxd2 d6 9. Bb5 O-O 10. O-O a6 11. Bxc6 bxc6 12. Rc1 Bd7 13. Nc4 Be6 14. b3 f6
15. Na5 c5 16. exd6 cxd6 17. dxc5 Qxa5 18. Nd4 Bf7 19. Nc6 Qc7 20. cxd6 Qxd6 21.
Re1 Rfe8 22. Rxe8+ Rxe8 23. Qd3 Qf4 24. Rd1 Nb4 25. Nxb4 Qxb4 26. Qxa6 Re1+ 27.
Rxe1 Qxe1+ 28. Qf1 Qxf1+ 29. Kxf1 Kf8 30. Ke2 Ke7 31. Kd3 Kd6 32. Kd4 Be6 33. f3
Bd5 34. Kc3 h5 35. a4 g5 36. b4 f5 37. Kd4 h4 38. b5 g4 39. Ke3 Ke5 40. fxg4 fxg4
41. g3 hxg3 42. hxg3 Bb3 43. a5 Kd6 44. Kf4 1/2-1/2

[Event "MPJ C16"]
[Site "?"]
[Date "2016.03.19"]
[Round "8.1"]
[White "Grela, Kacper"]
[Black "Janik, Igor"]
[Result "0-1"]
[LiveChessVersion "1.4.8"]
[BlackElo "2305"]
[WhiteElo "2296"]

1. e4 {[%clk 1:30:57]} c5 {[%clk 1:30:43]} 2. Nf3 {[%clk 1:31:20]} Nc6
{[%clk 1:31:06]} 3. d4 {[%clk 1:31:42]} cxd4 {[%clk 1:31:18]} 4. Nxd4
{[%clk 1:32:05]} g6 {[%clk 1:31:42]} 5. c4 {[%clk 1:32:26]} Bg7 {[%clk 1:31:24]}
6. Be3 {[%clk 1:32:34]} Nf6 {[%clk 1:31:44]} 7. Nc3 {[%clk 1:32:55]} O-O
{[%clk 1:31:50]} 8. Be2 {[%clk 1:31:59]} d6 {[%clk 1:31:58]} 9. O-O
{[%clk 1:27:53]} Nxd4 {[%clk 1:32:03]} 10. Bxd4 {[%clk 1:27:38]} Be6
{[%clk 1:32:27]} 11. Rc1 {[%clk 1:19:45]} Qa5 {[%clk 1:31:40]} 12. b3
{[%clk 1:06:34]} Nd7 {[%clk 1:30:27]} 13. Bxg7 {[%clk 1:05:47]} Kxg7
{[%clk 1:30:56]} 14. Bg4 {[%clk 1:05:55]} a6 {[%clk 1:26:30]} 15. f4
{[%clk 1:01:59]} Bxg4 {[%clk 1:19:30]} 16. Qxg4 {[%clk 1:00:15]} Nf6
{[%clk 1:19:04]} 17. Qe2 {[%clk 0:57:23]} Qh5 {[%clk 1:11:25]} 18. Qxh5
{[%clk 0:50:45]} Nxh5 {[%clk 1:11:37]} 19. a4 {[%clk 0:39:09]} Nf6
{[%clk 1:10:06]} 20. Kf2 {[%clk 0:37:29]} Rac8 {[%clk 1:09:17]} 21. Kf3
{[%clk 0:36:55]} Nd7 {[%clk 1:09:08]} 22. Rfd1 {[%clk 0:33:59]} Rfd8
{[%clk 1:07:04]} 23. g3 {[%clk 0:29:06]} f6 {[%clk 1:05:08]} 24. Ke3
{[%clk 0:28:01]} Kf7 {[%clk 1:04:58]} 25. Rd2 {[%clk 0:23:49]} Rc5
{[%clk 0:59:19]} 26. Ra1 {[%clk 0:21:31]} Rdc8 {[%clk 0:57:08]} 27. a5
{[%clk 0:18:23]} Rh5 {[%clk 0:53:24]} 28. Kd4 {[%clk 0:15:20]} Nc5
{[%clk 0:50:48]} 29. Rb2 {[%clk 0:11:41]} Rh3 {[%clk 0:46:06]} 30. Nd5
{[%clk 0:10:00]} f5 {[%clk 0:40:54]} 31. exf5 {[%clk 0:08:48]} gxf5
{[%clk 0:41:17]} 32. Re1 {[%clk 0:07:49]} Ne4 {[%clk 0:39:43]} 33. Ne3
{[%clk 0:06:28]} e6 {[%clk 0:38:51]} 34. b4 {[%clk 0:06:52]} Kf6 {[%clk 0:38:00]}
35. Ng4+ {[%clk 0:06:04]} fxg4 {[%clk 0:35:47]} 36. Rxe4 {[%clk 0:06:27]} Rh5
{[%clk 0:36:06]} 37. Rbe2 {[%clk 0:03:52]} Rxc4+ {[%clk 0:34:42]} 38. Kxc4 d5+
39. Kc5 {[%clk 0:04:46]} dxe4+ {[%clk 0:35:17]} 40. Kd6 {[%clk 0:34:58]} Rd5+
{[%clk 1:01:38]} 41. Kc7 {[%clk 0:34:20]} Kf5 {[%clk 1:01:31]} 42. Kxb7
{[%clk 0:30:20]} Rb5+ {[%clk 1:01:33]} 43. Kxa6 {[%clk 0:29:57]} Rxb4
{[%clk 1:01:57]} 44. Ka7 {[%clk 0:19:54]} e5 {[%clk 0:59:43]} 45. fxe5
{[%clk 0:20:10]} Kxe5 {[%clk 1:00:06]} 46. a6 {[%clk 0:20:26]} Kd4
{[%clk 0:57:55]} 47. Rd2+ {[%clk 0:18:23]} Kc3 {[%clk 0:57:55]} 48. Rd7
{[%clk 0:17:34]} e3 {[%clk 0:58:00]} 49. Re7 {[%clk 0:17:49]} Kd3
{[%clk 0:57:33]} 50. Rd7+ {[%clk 0:14:20]} Rd4 {[%clk 0:56:42]} 51. Re7
{[%clk 0:14:45]} e2 {[%clk 0:56:09]} 52. Kb6 {[%clk 0:11:31]} Kd2
{[%clk 0:53:48]} 53. a7 {[%clk 0:11:53]} Rb4+ {[%clk 0:52:30]} 54. Kc5
{[%clk 0:08:58]} Ra4 {[%clk 0:52:54]} 55. Rd7+ {[%clk 0:09:18]} Ke3
{[%clk 0:52:55]} 56. Re7+ {[%clk 0:09:39]} Kf2 {[%clk 0:52:59]} 57. Rf7+
{[%clk 0:10:01]} Kg1 {[%clk 0:50:53]} 58. Re7 {[%clk 0:10:13]} Kxh2
{[%clk 0:49:23]} 59. Rxe2+ {[%clk 0:09:49]} Kxg3 {[%clk 0:49:48]} 60. Kb6
{[%clk 0:07:44]} h5 {[%clk 0:48:00]} 61. Re5 {[%clk 0:07:33]} Rxa7
{[%clk 0:48:04]} 62. Rxh5 {[%clk 0:05:03]} Rd7 {[%clk 0:48:23]} 63. Kc6
{[%clk 0:05:28]} Rd8 {[%clk 0:48:40]} 64. Rh7 {[%clk 0:05:51]} Kg2
{[%clk 0:49:01]} 65. Kc5 {[%clk 0:06:12]} g3 {[%clk 0:49:26]} 66. Kc4
{[%clk 0:06:34]} Kg1 {[%clk 0:49:51]} 67. Rf7 {[%clk 0:06:56]} g2
{[%clk 0:50:17]} 68. Rg7 {[%clk 0:07:19]} Rh8 {[%clk 0:50:41]} 69. Kd3
{[%clk 0:07:39]} Kh1 {[%clk 0:51:05]} 0-1

[Event "MPJ C16"]
[Site "?"]
[Date "2016.03.19"]
[Round "8.2"]
[White "Gumularz, Szymon"]
[Black "Walter, Szymon"]
[Result "1-0"]
[LiveChessVersion "1.4.8"]
[BlackElo "2148"]
[WhiteElo "2287"]

1. Nf3 Nf6 2. c4 g6 3. g3 Bg7 4. Bg2 d5 5. cxd5 Nxd5 6. Nc3 Nb6 7. O-O Nc6
{[%clk 1:26:58]} 8. d3 {[%clk 1:21:52]} O-O {[%clk 1:21:52]} 9. Be3
{[%clk 1:11:14]} e5 {[%clk 1:17:40]} 10. Rc1 {[%clk 1:00:20]} Nd4
{[%clk 1:11:15]} 11. Ne4 {[%clk 0:56:48]} h6 12. Nxd4 {[%clk 0:57:14]} exd4
{[%clk 1:11:34]} 13. Bd2 {[%clk 0:56:42]} Re8 {[%clk 0:54:03]} 14. Re1
{[%clk 0:44:58]} Nd5 {[%clk 0:52:00]} 15. Qb3 {[%clk 0:27:26]} c6
{[%clk 0:25:09]} 16. Qa4 {[%clk 0:21:50]} Kh7 {[%clk 0:23:29]} 17. Nc5
{[%clk 0:20:28]} Re5 {[%clk 0:17:42]} 18. Nb3 {[%clk 0:18:09]} Qe7
{[%clk 0:12:53]} 19. Nxd4 {[%clk 0:15:39]} c5 20. Nf3 Rxe2 {[%clk 0:11:27]} 21.
Qc4 {[%clk 0:11:23]} Nb6 {[%clk 0:05:14]} 22. Rxe2 {[%clk 0:09:12]} Qxe2
{[%clk 0:05:41]} 23. Qxf7 {[%clk 0:09:22]} Qe6 {[%clk 0:03:02]} 24. Qxe6
{[%clk 0:09:16]} Bxe6 {[%clk 0:03:31]} 25. Rxc5 {[%clk 0:09:31]} Bxa2
{[%clk 0:01:35]} 26. Rc7 {[%clk 0:07:50]} Kg8 {[%clk 0:02:01]} 27. Nh4
{[%clk 0:05:35]} Bf7 {[%clk 0:00:50]} 28. Rxb7 {[%clk 0:04:30]} Rc8
{[%clk 0:01:05]} 29. Rxa7 {[%clk 0:04:38]} Rc2 {[%clk 0:00:52]} 30. Be3
{[%clk 0:04:38]} Rxb2 31. Be4 {[%clk 0:05:03]} Rb1+ {[%clk 0:00:41]} 32. Kg2
{[%clk 0:03:14]} Nd5 33. Bxg6 {[%clk 0:03:41]} Nxe3+ {[%clk 0:00:58]} 34. fxe3
{[%clk 0:01:59]} Rb2+ {[%clk 0:00:53]} 35. Kf3 {[%clk 0:02:18]} Bd5+
{[%clk 0:00:49]} 36. Be4 {[%clk 0:01:46]} Be6 {[%clk 0:01:00]} 37. Ra6
{[%clk 0:01:50]} Bb3 {[%clk 0:01:24]} 38. Ra8+ {[%clk 0:01:53]} Kf7
{[%clk 0:00:42]} 39. Kg4 {[%clk 0:31:05]} Rxh2 {[%clk 0:30:32]} 40. Ra7+
{[%clk 0:21:18]} Kf6 {[%clk 0:17:20]} 41. Bg2 {[%clk 0:20:46]} Bf8
{[%clk 0:15:44]} 42. Kf3 {[%clk 0:21:07]} Bd5+ {[%clk 0:14:29]} 43. Kf2 Bxg2 44.
Nxg2 {[%clk 0:21:25]} Rh1 {[%clk 0:14:52]} 45. Nf4 {[%clk 0:21:28]} Rd1
{[%clk 0:12:34]} 46. Ra6+ {[%clk 0:21:45]} Kf7 47. Kf3 1-0

[Event "MPJ C16"]
[Site "?"]
[Date "2016.03.19"]
[Round "8.3"]
[White "Garbowski, Jakub"]
[Black "Karpus, Michal"]
[Result "1/2-1/2"]
[LiveChessVersion "1.4.8"]
[BlackElo "2221"]
[WhiteElo "1994"]

1. e4 e5 2. Nf3 Nc6 3. Bb5 a6 4. Ba4 Nf6 5. O-O Be7 6. Re1 b5 7. Bb3 d6 8. c3 O-O
9. d4 Bg4 10. Be3 Bh5 11. Nbd2 d5 12. Bg5 dxe4 13. Nxe4 exd4 14. Ng3 Bg6 15. cxd4
Bb4 16. Re2 Qd6 17. a3 Ba5 18. d5 Ne7 19. Bxf6 Qxf6 20. Qd4 Qxd4 21. Nxd4 Rfe8
22. a4 Kf8 23. Rd1 Bb6 24. axb5 Bxd4 25. Rxd4 axb5 26. f3 Nc8 27. Kf2 Nd6 28. Rd1
Rxe2+ 29. Kxe2 Ke7 30. Rc1 Kd7 31. Ke3 Rb8 32. Ne2 Nc4+ 33. Bxc4 bxc4 34. Rxc4
Rxb2 35. Nf4 Rb1 36. h4 Rh1 37. g3 Re1+ 38. Kd4 Rd1+ 39. Ke3 Re1+ 40. Kd4 Rd1+
41. Ke4 1/2-1/2

[Event "MPJ C16"]
[Site "?"]
[Date "2016.03.19"]
[Round "8.4"]
[White "Koziol, Kamil"]
[Black "Klepek, Witold"]
[Result "1-0"]
[LiveChessVersion "1.4.8"]
[BlackElo "2018"]
[WhiteElo "2258"]

1. d4 Nf6 2. c4 c5 3. d5 b5 4. cxb5 a6 5. bxa6 Bxa6 6. Nc3 g6 7. Nf3 Bg7 8. e4
Bxf1 9. Kxf1 d6 10. g3 O-O 11. Kg2 Nbd7 12. Qc2 Qb6 13. Bd2 Ng4 14. h3 Nge5 15.
Nxe5 Nxe5 16. Ne2 Rfb8 17. Bc3 Qb5 18. b3 c4 19. b4 Nd3 20. a3 Qa4 21. Qd2 Rc8
22. Bxg7 Kxg7 23. Qc3+ Kg8 24. Nd4 Rc7 25. h4 Qd7 26. h5 Qg4 27. Rh4 Qg5 28. hxg6
fxg6 29. Ne6 1-0

[Event "MPJ C16"]
[Site "?"]
[Date "2016.03.19"]
[Round "8.5"]
[White "Szustakowski, Antoni"]
[Black "Zaleski, Lukasz"]
[Result "1-0"]
[LiveChessVersion "1.4.8"]
[BlackElo "2118"]
[WhiteElo "1957"]

1. d4 {[%clk 1:30:58]} Nf6 {[%clk 1:30:41]} 2. Bg5 {[%clk 1:31:25]} e6
{[%clk 1:30:49]} 3. e4 {[%clk 1:31:51]} h6 {[%clk 1:30:59]} 4. Bxf6
{[%clk 1:32:20]} Qxf6 5. c3 d6 {[%clk 1:30:39]} 6. Bd3 {[%clk 1:33:16]} g6
{[%clk 1:30:00]} 7. Ne2 {[%clk 1:33:41]} Bg7 {[%clk 1:30:14]} 8. O-O
{[%clk 1:34:04]} e5 {[%clk 1:29:10]} 9. f4 {[%clk 1:34:10]} exd4 {[%clk 1:28:14]}
10. cxd4 {[%clk 1:34:34]} Bg4 {[%clk 1:26:58]} 11. e5 {[%clk 1:35:03]} dxe5
{[%clk 1:26:53]} 12. fxe5 {[%clk 1:35:32]} Qb6 {[%clk 1:26:56]} 13. Nbc3
{[%clk 1:36:01]} Bxe2 {[%clk 1:26:25]} 14. Qxe2 {[%clk 1:35:29]} O-O
{[%clk 1:14:40]} 15. Bc4 {[%clk 1:28:41]} Qxd4+ {[%clk 1:01:56]} 16. Kh1
{[%clk 1:25:27]} Qxe5 {[%clk 0:59:20]} 17. Qc2 {[%clk 1:17:55]} Qh5
{[%clk 0:43:45]} 18. Rxf7 {[%clk 1:16:54]} Rxf7 {[%clk 0:39:52]} 19. Rf1
{[%clk 1:17:23]} Nc6 {[%clk 0:35:30]} 20. Rxf7 {[%clk 1:08:28]} Re8
{[%clk 0:27:10]} 21. g4 {[%clk 0:58:01]} Qc5 {[%clk 0:24:27]} 22. Qxg6
{[%clk 0:58:08]} Re1+ {[%clk 0:24:41]} 23. Rf1+ {[%clk 0:58:37]} Qxc4
{[%clk 0:25:00]} 24. Rxe1 {[%clk 0:59:02]} 1-0

[Event "MPJ C16"]
[Site "?"]
[Date "2016.03.19"]
[Round "8.6"]
[White "Sulkowski, Andrzej"]
[Black "Chylewski, Patryk"]
[Result "0-1"]
[LiveChessVersion "1.4.8"]
[BlackElo "2087"]
[WhiteElo "1772"]

1. d4 {[%clk 1:30:55]} Nf6 {[%clk 1:30:56]} 2. c4 {[%clk 1:30:58]} e6
{[%clk 1:31:20]} 3. Nf3 {[%clk 1:31:16]} b6 {[%clk 1:31:39]} 4. g3
{[%clk 1:31:11]} Ba6 {[%clk 1:31:31]} 5. Qc2 {[%clk 1:29:48]} c5 {[%clk 1:29:57]}
6. Bg2 {[%clk 1:29:35]} Bb7 {[%clk 1:30:04]} 7. e3 {[%clk 1:29:20]} Na6
{[%clk 1:24:46]} 8. a3 {[%clk 1:28:53]} Rc8 {[%clk 1:20:40]} 9. O-O
{[%clk 1:26:34]} Be7 {[%clk 1:18:29]} 10. Nbd2 {[%clk 1:25:32]} O-O
{[%clk 1:10:14]} 11. b3 {[%clk 1:21:57]} Qc7 {[%clk 1:01:55]} 12. Bb2
{[%clk 1:20:16]} cxd4 {[%clk 0:58:44]} 13. exd4 {[%clk 1:19:07]} d5
{[%clk 0:58:32]} 14. Rac1 {[%clk 1:14:29]} dxc4 {[%clk 0:57:48]} 15. bxc4
{[%clk 1:14:03]} b5 {[%clk 0:52:45]} 16. Qd3 {[%clk 0:55:13]} bxc4
{[%clk 0:48:19]} 17. Nxc4 Rfd8 {[%clk 0:42:16]} 18. Qe2 {[%clk 0:51:01]} Nb8
{[%clk 0:32:17]} 19. Rfd1 {[%clk 0:46:06]} Ba6 {[%clk 0:29:43]} 20. Nfe5
{[%clk 0:45:45]} Nd5 {[%clk 0:24:08]} 21. Qd2 {[%clk 0:26:50]} Qb7
{[%clk 0:19:51]} 22. Ne3 {[%clk 0:22:42]} Qb3 {[%clk 0:17:32]} 23. Nxd5
{[%clk 0:22:51]} exd5 {[%clk 0:17:50]} 24. Rc3 {[%clk 0:23:01]} Rxc3
{[%clk 0:17:37]} 25. Bxc3 {[%clk 0:23:25]} Bxa3 {[%clk 0:14:38]} 26. Re1
{[%clk 0:21:19]} f6 {[%clk 0:12:28]} 27. Ng4 {[%clk 0:19:13]} Nc6
{[%clk 0:09:54]} 28. Ne3 {[%clk 0:18:50]} Ne7 {[%clk 0:09:48]} 29. Nc2
{[%clk 0:18:56]} Bd6 {[%clk 0:05:23]} 30. Bb4 {[%clk 0:18:11]} Nc6
{[%clk 0:04:35]} 31. Bc3 {[%clk 0:16:53]} Bc4 {[%clk 0:03:34]} 32. Ne3
{[%clk 0:17:01]} Bb4 {[%clk 0:02:58]} 33. Bxb4 {[%clk 0:16:32]} Qxb4
{[%clk 0:02:10]} 34. Qd1 {[%clk 0:16:10]} Nxd4 {[%clk 0:02:01]} 35. Nxc4
{[%clk 0:13:39]} dxc4 {[%clk 0:02:10]} 36. Qh5 {[%clk 0:13:42]} Qxe1+
{[%clk 0:02:35]} 0-1

[Event "MPJ C16"]
[Site "?"]
[Date "2016.03.19"]
[Round "8.7"]
[White "Bilczewski, Kacper"]
[Black "Drozdowski, Konrad"]
[Result "1/2-1/2"]
[LiveChessVersion "1.4.8"]
[BlackElo "2037"]
[WhiteElo "2046"]

1. e4 {[%clk 1:29:58]} c5 {[%clk 1:29:53]} 2. Nf3 {[%clk 1:29:48]} e6
{[%clk 1:29:47]} 3. d4 {[%clk 1:29:42]} cxd4 {[%clk 1:29:38]} 4. c3
{[%clk 1:29:36]} d5 {[%clk 1:27:39]} 5. exd5 {[%clk 1:31:53]} Qxd5
{[%clk 1:29:24]} 6. cxd4 {[%clk 1:31:41]} Nc6 {[%clk 1:28:15]} 7. Nc3
{[%clk 1:31:40]} Bb4 {[%clk 1:27:02]} 8. Bd2 {[%clk 1:31:56]} Bxc3
{[%clk 1:27:18]} 9. Bxc3 {[%clk 1:32:22]} Nf6 {[%clk 1:27:02]} 10. Bd3
{[%clk 1:30:53]} O-O {[%clk 1:23:56]} 11. O-O {[%clk 1:31:16]} b6
{[%clk 1:21:52]} 12. Qe2 {[%clk 1:19:10]} Bb7 {[%clk 1:18:42]} 13. Rfe1
{[%clk 1:14:17]} Qh5 {[%clk 1:16:10]} 14. Ne5 {[%clk 1:04:44]} Qxe2
{[%clk 1:11:36]} 15. Bxe2 {[%clk 1:04:27]} Nd5 {[%clk 1:04:42]} 16. Nxc6
{[%clk 1:02:51]} Bxc6 {[%clk 1:04:45]} 17. Bd2 {[%clk 1:02:46]} Rfd8
{[%clk 0:59:54]} 18. Rac1 {[%clk 0:58:47]} Bb7 {[%clk 0:56:07]} 19. Bf3
{[%clk 0:55:02]} Rac8 {[%clk 0:52:32]} 20. Rxc8 {[%clk 0:55:18]} Rxc8
{[%clk 0:52:37]} 21. Rc1 {[%clk 0:55:43]} Rxc1+ {[%clk 0:52:14]} 22. Bxc1
{[%clk 0:56:09]} Kf8 {[%clk 0:52:17]} 23. Bxd5 {[%clk 0:55:45]} Bxd5
{[%clk 0:51:41]} 24. a3 {[%clk 0:55:41]} Ke7 {[%clk 0:51:15]} 25. f3
{[%clk 0:56:05]} Kd6 {[%clk 0:51:20]} 26. Kf2 {[%clk 0:56:29]} Bc4
{[%clk 0:50:52]} 27. Ke3 {[%clk 0:55:24]} Kd5 {[%clk 0:50:12]} 28. Bd2
{[%clk 0:54:20]} Bf1 {[%clk 0:45:40]} 29. g3 {[%clk 0:54:43]} Bc4
{[%clk 0:44:18]} 30. Bc3 {[%clk 0:55:07]} Bb3 {[%clk 0:44:33]} 31. Kd3
{[%clk 0:55:12]} Bd1 {[%clk 0:44:47]} 32. Ke3 {[%clk 0:55:32]} a6
{[%clk 0:42:38]} 33. Bb4 {[%clk 0:53:00]} g6 {[%clk 0:40:10]} 34. Bc3
{[%clk 0:52:32]} h5 {[%clk 0:40:13]} 35. h4 {[%clk 0:51:48]} a5 {[%clk 0:39:51]}
36. f4 {[%clk 0:50:56]} f5 {[%clk 0:39:57]} 37. Kd2 {[%clk 0:50:49]} Bb3
{[%clk 0:39:16]} 38. Ke3 {[%clk 0:51:14]} Bc4 {[%clk 0:39:02]} 39. Be1
{[%clk 0:51:32]} Bb5 {[%clk 0:38:25]} 40. Bc3 {[%clk 0:51:51]} Kc4
{[%clk 0:38:23]} 41. d5 {[%clk 0:50:06]} Kxd5 {[%clk 0:36:44]} 42. Bd4
{[%clk 0:50:15]} Kc6 {[%clk 0:37:08]} 43. Bf6 {[%clk 0:50:11]} Kd5
{[%clk 0:36:58]} 1/2-1/2

[Event "MPJ C16"]
[Site "?"]
[Date "2016.03.19"]
[Round "8.8"]
[White "Klementowski, Dawid"]
[Black "Kus, Aleksander"]
[Result "1-0"]
[LiveChessVersion "1.4.8"]
[BlackElo "1761"]
[WhiteElo "1904"]

1. e4 {[%clk 1:30:57]} e5 {[%clk 1:30:57]} 2. Nf3 {[%clk 1:31:24]} Nc6
{[%clk 1:31:23]} 3. d4 {[%clk 1:31:48]} exd4 {[%clk 1:31:47]} 4. Nxd4
{[%clk 1:32:15]} Bc5 {[%clk 1:32:03]} 5. Be3 {[%clk 1:32:40]} Qf6
{[%clk 1:31:52]} 6. Nb5 {[%clk 1:33:07]} Bxe3 {[%clk 1:13:42]} 7. fxe3
{[%clk 1:33:31]} Qh4+ {[%clk 0:58:10]} 8. g3 {[%clk 1:33:55]} Qd8
{[%clk 0:58:35]} 9. Qg4 {[%clk 1:34:20]} g6 {[%clk 0:58:37]} 10. Qf4
{[%clk 1:34:47]} d6 {[%clk 0:58:51]} 11. Bc4 {[%clk 1:35:13]} Ne5
{[%clk 0:58:09]} 12. O-O {[%clk 1:35:38]} Qd7 {[%clk 0:45:47]} 13. b3
{[%clk 1:34:51]} a6 {[%clk 0:44:49]} 14. Nd4 {[%clk 1:34:52]} c6 {[%clk 0:39:45]}
15. a4 {[%clk 1:32:46]} Qe7 {[%clk 0:38:54]} 16. Kg2 {[%clk 1:28:36]} h5
{[%clk 0:33:36]} 17. h4 {[%clk 1:28:15]} Nh6 {[%clk 0:33:13]} 18. Nd2
{[%clk 1:27:36]} Nhg4 {[%clk 0:29:44]} 19. b4 {[%clk 1:25:47]} f6
{[%clk 0:25:33]} 20. Rfe1 {[%clk 1:20:38]} c5 {[%clk 0:17:19]} 21. bxc5
{[%clk 1:19:28]} dxc5 {[%clk 0:17:40]} 22. N4b3 {[%clk 1:18:47]} g5
{[%clk 0:17:00]} 23. Qf1 {[%clk 1:18:49]} Bd7 {[%clk 0:12:50]} 24. Bd5
{[%clk 1:18:37]} gxh4 {[%clk 0:11:58]} 25. gxh4 {[%clk 1:18:29]} Qg7
{[%clk 0:11:36]} 26. Kh1 {[%clk 1:18:20]} Ng6 {[%clk 0:08:37]} 27. Nxc5
{[%clk 1:16:49]} Nxh4 {[%clk 0:07:46]} 28. Nxb7 {[%clk 1:16:27]} Ra7
{[%clk 0:07:24]} 29. Nd6+ {[%clk 1:16:34]} Ke7 {[%clk 0:07:35]} 30. N2c4
{[%clk 1:14:50]} Ne5 {[%clk 0:06:28]} 31. Nxe5 {[%clk 1:14:40]} fxe5
{[%clk 0:06:46]} 32. Qf7+ {[%clk 1:14:51]} Qxf7 {[%clk 0:07:08]} 33. Nxf7
{[%clk 1:15:16]} Rc8 {[%clk 0:07:15]} 34. c4 {[%clk 1:15:14]} Nf3
{[%clk 0:07:22]} 35. Rf1 {[%clk 1:15:10]} Bg4 {[%clk 0:07:45]} 36. Nh6
{[%clk 1:14:43]} Rh8 {[%clk 0:07:46]} 37. Nf5+ {[%clk 1:14:53]} Kf6
{[%clk 0:08:04]} 38. Nh4 {[%clk 1:15:19]} Kg5 {[%clk 0:08:08]} 39. Nxf3+
{[%clk 1:15:43]} Bxf3+ {[%clk 0:08:28]} 40. Rxf3 {[%clk 1:46:11]} Rb8
{[%clk 0:38:40]} 41. Rg1+ {[%clk 1:46:25]} Kh6 {[%clk 0:39:06]} 42. Rf6+
{[%clk 1:46:37]} Kh7 {[%clk 0:39:31]} 43. Rf5 {[%clk 1:47:02]} Kh6
{[%clk 0:39:56]} 44. Bf7 {[%clk 1:47:28]} 1-0